Advanced Structural Analysis / (Record no. 915)

000 -LEADER
fixed length control field 00314 a2200109 4500
020 ## - INTERNATIONAL STANDARD BOOK NUMBER
International Standard Book Number 9788173199394
082 ## - DEWEY DECIMAL CLASSIFICATION NUMBER
Classification number 624.171 MEN
100 ## - MAIN ENTRY--PERSONAL NAME
Personal name Menon,Devdas
245 ## - TITLE STATEMENT
Title Advanced Structural Analysis /
Statement of responsibility, etc. Devdas Menon
260 ## - PUBLICATION, DISTRIBUTION, ETC.
Place of publication, distribution, etc. New Delhi :
Date of publication, distribution, etc. Narosa Publishing House,
Name of publisher, distributor, etc. 2009.
300 ## - PHYSICAL DESCRIPTION
Extent xiv,685p. :
Other physical details ill. '
Dimensions 25 cm
650 ## - SUBJECT ADDED ENTRY--TOPICAL TERM
Topical term or geographic name entry element structural analysis
Holdings
Withdrawn status Lost status Damaged status Not for loan Permanent Location Current Location Shelving location Date acquired Total Checkouts Full call number Barcode Date last seen Price effective from Koha item type
        School of Civil and Environmental Engineering (SCEE) School of Civil and Environmental Engineering (SCEE)       624.171 MEN NIT-6774 01/05/2017 01/05/2017 Book
© 2023 Central Library, National University of Sciences and Technology. All Rights Reserved.